QUEST Central Library Banner

قبلہ (Record no. 11717)

MARC details
000 -LEADER
fixed length control field 00227nam a22001097a 4500
082 ## - DEWEY DECIMAL CLASSIFICATION NUMBER
Classification number م ح م
100 ## - MAIN ENTRY--AUTHOR NAME
Personal name محمد مسعود احمد
245 ## - TITLE STATEMENT
Title قبلہ
260 ## - PUBLICATION, DISTRIBUTION, ETC. (IMPRINT)
Place of publication کراچی
Year of publication ۱۹۹۵
300 ## - PHYSICAL DESCRIPTION
Number of Pages ۳۲
942 ## - ADDED ENTRY ELEMENTS (KOHA)
Koha item type Books
Holdings
Withdrawn status Lost status Home library Current library Date acquired Full call number Accession Number Koha item type
    Central Library, QUEST, Nawabshah Central Library, QUEST, Nawabshah 30/12/2014 م ح م 22732 Books

Copyright © 2018,The QUEST, Nawabshah, Shaheed Benazirabad. All rights reserved
Mr. G. Farooq Channar (Librarian) QUEST, Nawabshah, Sindh, Pakistan 67480.
 Ph#: |   0244-9370381-4 Ext. 2308   Email| lib@quest.edu.pk   Web|  http://www.quest.edu.pk